<?xml version="1.0" encoding="UTF-8"?>
<collection xmlns="http://www.loc.gov/MARC21/slim">
 <record>
  <leader>01025naa a2200205 i 4500</leader>
  <controlfield tag="001">acta78811</controlfield>
  <controlfield tag="005">20230526141424.0</controlfield>
  <controlfield tag="008">230526s2022    hu      o     0||   eng d</controlfield>
  <datafield tag="020" ind1=" " ind2=" ">
   <subfield code="a">978-963-306-906-6</subfield>
  </datafield>
  <datafield tag="040" ind1=" " ind2=" ">
   <subfield code="a">SZTE Egyetemi Kiadványok Repozitórium</subfield>
   <subfield code="b">hun</subfield>
  </datafield>
  <datafield tag="041" ind1=" " ind2=" ">
   <subfield code="a">eng</subfield>
  </datafield>
  <datafield tag="100" ind1="1" ind2=" ">
   <subfield code="a">Sebők Marcell</subfield>
  </datafield>
  <datafield tag="245" ind1="1" ind2="0">
   <subfield code="a">&quot;Was he not with you? What on earth does he do?&quot; </subfield>
   <subfield code="h">[elektronikus dokumentum] :</subfield>
   <subfield code="b">a brief overview on the possibility of an encounter between John Dee and Andreas Dudith /</subfield>
   <subfield code="c"> Sebők Marcell</subfield>
  </datafield>
  <datafield tag="260" ind1=" " ind2=" ">
   <subfield code="a">Szegedi Tudományegyetem Bölcsészet- és Társadalomtudományi Kar Angol-Amerikai Intézet</subfield>
   <subfield code="b">Szeged</subfield>
   <subfield code="c">2022</subfield>
  </datafield>
  <datafield tag="300" ind1=" " ind2=" ">
   <subfield code="a">905-910</subfield>
  </datafield>
  <datafield tag="490" ind1="0" ind2=" ">
   <subfield code="a">Fidele signaculum : írások Szőnyi György Endre tiszteletére = Writings in Honour of György Endre Szőnyi</subfield>
  </datafield>
  <datafield tag="650" ind1=" " ind2="4">
   <subfield code="a">Bölcsészettudományok</subfield>
  </datafield>
  <datafield tag="650" ind1=" " ind2="4">
   <subfield code="a">Filozófia, etika és vallástudományok</subfield>
  </datafield>
  <datafield tag="695" ind1=" " ind2=" ">
   <subfield code="a">Okkultizmus, Dudith András, John Dee, Teológia</subfield>
  </datafield>
  <datafield tag="856" ind1="4" ind2="0">
   <subfield code="u">http://acta.bibl.u-szeged.hu/78811/1/fidele_signaculum_2022_905-910.pdf</subfield>
   <subfield code="z">Dokumentum-elérés </subfield>
  </datafield>
 </record>
</collection>
